[Event "Open"]
[Site "Auckland NZL"]
[Date "2004.01.22"]
[Round "7"]
[White "Van der Hoorn,M"]
[Black "Koeller,O"]
[Result "0-1"]
[WhiteElo "2143"]
[BlackElo "2224"]

1.e4 g6 2.d4 Bg7 3.Nc3 d6 4.Be3 c6 5.Qd2 Nd7 6.Nf3 b5 7.Bd3 Bb7 8.O-O a6
9.a4 Qc7 10.Rfe1 Rc8 11.Bf4 e5 12.Be3 Ngf6 13.Bh6 O-O 14.Bxg7 Kxg7 15.axb5 cxb5
16.dxe5 dxe5 17.Nd1 h6 18.Ne3 Kh7 19.h4 Nc5 20.Qc3 Rfe8 21.Nd2 Qd6 22.Qa3 Red8
23.f3 Nh5 24.Nb3 Nxd3 25.Qxd6 Rxd6 26.Red1 Nhf4 27.g3 Ne2+ 28.Kh2 Rf6 29.Rxd3 Rxf3
30.Ng4 Bxe4 31.Rxf3 Bxf3 32.Nxe5 Bd5 33.Ng4 Rxc2 34.Nf6+ Kg7 35.Nxd5 Nf4+
36.Kg1 Nxd5 37.Rxa6 Rxb2 38.Nd4 b4 39.g4 Ne3 40.g5 hxg5 41.hxg5 Rg2+ 42.Kh1 Rxg5
43.Rb6 Nd5 44.Rb7 Re5 45.Nc6 Re6 46.Nd4 Rb6 47.Rd7 Nf6 48.Re7 b3 49.Re1 b2
50.Rb1 Ne4 51.Rg1 b1=Q 52.Nf5+ Kf8  0-1

[Event "1st WinTV Open"]
[Site "Chennai IND"]
[Date "2004.01.22"]
[Round "2"]
[White "Lahiri,A"]
[Black "Vinoth,K"]
[Result "1-0"]
[WhiteElo "2325"]
[BlackElo "2155"]

1.d4 d6 2.e4 g6 3.Nc3 Bg7 4.Be3 Nf6 5.Qd2 Ng4 6.Bg5 f6 7.Bh4 c6 8.Nf3 b5
9.Bd3 Qc7 10.h3 Nh6 11.a4 b4 12.Nd1 a5 13.Ne3 Nf7 14.Bc4 e5 15.dxe5 dxe5
16.O-O-O O-O 17.Qd6 Qxd6 18.Rxd6 Ra7 19.Bxf6 Bxf6 20.Rxf6 Kg7 21.Rxf7+ Rfxf7
22.Bxf7 Rxf7 23.Rd1 Ba6 24.Rd8 Nd7 25.Ra8 Nc5 26.Ng4 b3 27.Nfxe5 Re7 28.f3 bxc2
29.Kxc2 Bf1 30.Rxa5 Nb7 31.Ra7 h5 32.Ne3  1-0

[Event "1st WinTV Open"]
[Site "Chennai IND"]
[Date "2004.01.22"]
[Round "2"]
[White "Dinesh Kumar,G"]
[Black "Roktim,B"]
[Result "1-0"]
[WhiteElo "2191"]
[BlackElo "2352"]

1.e4 g6 2.d4 Bg7 3.Nc3 d6 4.Be3 c6 5.Qd2 Qa5 6.h3 Nd7 7.f4 Ngf6 8.Nf3 b5
9.Bd3 Nb6 10.O-O Nc4 11.Bxc4 bxc4 12.f5 gxf5 13.e5 Nd5 14.Bh6 Bxh6 15.Qxh6 Nxc3
16.bxc3 Be6 17.exd6 Qxc3 18.Rab1 Rg8 19.Rb7 Qxc2 20.Rxe7+ Kd8 21.Rf2 Qb1+
22.Kh2 Kc8 23.Qxh7  1-0

[Event "TCh-AUT 2003-4"]
[Site "Velden AUT"]
[Date "2004.01.22"]
[Round "4"]
[White "Polzin,R"]
[Black "Beim,V"]
[Result "1-0"]
[WhiteElo "2497"]
[BlackElo "2518"]

1.e4 d6 2.d4 g6 3.Nc3 Bg7 4.Be3 a6 5.Qd2 b5 6.h4 h5 7.a4 b4 8.Nce2 Nf6 9.f3 a5
10.Nh3 Ba6 11.Ng5 c6 12.O-O-O Nbd7 13.e5 Nb6 14.exf6 exf6 15.Nh3 Nc4 16.Qe1 Nxe3
17.Nef4 Qe7 18.Bxa6 Rxa6 19.Qe2 Nxd1 20.Qxa6 Qe3+ 21.Kb1 Qxd4 22.Qc8+ Ke7
23.Re1+ Ne3 24.Qc7+ Ke8 25.Qc8+ Ke7 26.Qc7+ Ke8 27.Qxc6+ Kd8 28.Rxe3 Qxe3
29.Qa8+ Kd7 30.Qb7+ Kd8 31.Qb8+ Kd7 32.Qb7+ Kd8 33.Qxf7 Qe1+ 34.Ka2 Qe7 35.Qxe7+ Kxe7
36.Nxg6+  1-0

[Event "Open"]
[Site "Auckland NZL"]
[Date "2004.01.23"]
[Round "9"]
[White "Wang,Pu"]
[Black "Koeller,O"]
[Result "0-1"]
[WhiteElo "2181"]
[BlackElo "2224"]

1.d4 g6 2.e4 Bg7 3.Nc3 d6 4.Bg5 c6 5.Qd2 Nd7 6.f4 b5 7.Nf3 Nb6 8.Bd3 Nc4
9.Bxc4 bxc4 10.O-O Qb6 11.e5 d5 12.Na4 Qc7 13.Nc5 Bg4 14.e6 Bxe6 15.Nxe6 fxe6
16.Rfe1 Qd7 17.Ne5 Qc7 18.b3 Nf6 19.bxc4 Ne4 20.Qd3 Bxe5 21.dxe5 Qb6+ 22.Qe3 Rb8
23.cxd5 exd5 24.Qxb6 Rxb6 25.Rab1 Kd7 26.Rb3 Ke6 27.Bh4 Rf8 28.Bg3 Kf5 29.Bh4 Ke6
30.Bg3 Nxg3 31.hxg3 h5 32.Kf2 Kf5 33.Kf3 Rfb8 34.e6 Rd8 35.Re5+ Kf6 36.g4 hxg4+
37.Kxg4 Rd6 38.Rbe3 Rb2 39.Re2 Rxa2 40.f5 Ra4+ 41.Kf3 gxf5 42.c3 Re4 43.R5xe4 dxe4+
44.Kf4 Rxe6 45.g4 fxg4 46.Kxg4 Ke5 47.Ra2 Rg6+ 48.Kh3 e3 49.Rxa7 e2 50.Rxe7+ Re6  0-1

[Event "1st WinTV Open"]
[Site "Chennai IND"]
[Date "2004.01.23"]
[Round "4"]
[White "Aswin,J"]
[Black "Anilkumar,O"]
[Result "1-0"]
[WhiteElo "2127"]
[BlackElo "2282"]

1.e4 d6 2.d4 g6 3.Nc3 Bg7 4.Be3 Nd7 5.Qd2 h6 6.O-O-O e6 7.f3 Ne7 8.h4 a6
9.h5 g5 10.g3 b6 11.f4 g4 12.Bg2 Bb7 13.Rh4 Nf6 14.e5 Bxg2 15.exf6 Bxf6 16.Qxg2 Bxh4
17.gxh4 Nf5 18.Bf2 Rg8 19.Nge2 d5 20.Rh1 Qf6 21.Qg1 g3 22.Nxg3 Nxd4 23.Bxd4 Qxf4+
24.Be3 Qxg3 25.Qxg3 Rxg3 26.Bxh6 Ke7 27.Ne2 Rg4 28.Nf4 Rag8 29.Kd2 c6 30.Bg5+ f6
31.Ng6+ Rxg6 32.hxg6 fxg5 33.h5 Kf6 34.Rf1+ Rf4 35.Rxf4+ gxf4 36.c3 e5 37.Ke2 e4
38.b3 c5 39.a4 a5 40.c4 dxc4 41.Ke1 e3 42.Ke2 Kg7 43.Kd1 c3 44.Ke1 f3  1-0

[Event "ch-Kiev"]
[Site "Kiev UKR"]
[Date "2004.01.23"]
[Round "6"]
[White "Semenova,L"]
[Black "Moliboga,V"]
[Result "0-1"]
[WhiteElo "2264"]
[BlackElo "2310"]

1.e4 g6 2.d4 Bg7 3.Nc3 d6 4.Nf3 c6 5.a4 a5 6.Bc4 Nf6 7.O-O d5 8.exd5 Nxd5
9.Nxd5 cxd5 10.Bb5+ Nc6 11.Ne5 Bd7 12.Nxd7 Qxd7 13.Bg5 O-O 14.Re1 Rfe8 15.Qd2 e6
16.Ra3 e5 17.dxe5 Bxe5 18.Rd3 d4 19.c3 Qf5 20.cxd4 Bxd4 21.Rf1 Bxb2 22.Rf3 Qc5
23.Be3 Qb4 24.Qd5 Re6 25.Bc5 Qe4 26.Qb3 Bd4 27.Bd3 Qxf3 28.gxf3 Bxc5 29.Be4 b6
30.Rd1 Rd8 31.Rxd8+ Nxd8 32.Qb5 Re7 33.Bd5 Kg7 34.Qb2+ Kg8 35.f4 Ne6 36.Bxe6 Rxe6
37.Kg2 Re4 38.Qb5 Rxf4 39.Qe8+ Bf8 40.h3 Rf5 41.Qd8 Rf4 42.Qe8 Rb4 43.Kf3 Rb2
44.Kg3 b5 45.axb5 a4 46.b6 a3 47.Qc6 Rb3+ 48.Kg2 a2 49.Qa8 Ra3 50.b7 a1=Q
51.Qd8 Qc3  0-1

[Event "1st WinTV Open"]
[Site "Chennai IND"]
[Date "2004.01.24"]
[Round "5"]
[White "Visweswaran,K"]
[Black "Dzhumaev,M"]
[Result "0-1"]
[WhiteElo "2325"]
[BlackElo "2498"]

1.e4 g6 2.d4 Bg7 3.Nc3 d6 4.f4 Nf6 5.Nf3 O-O 6.Bd3 Na6 7.O-O c5 8.d5 Rb8
9.a4 Bg4 10.h3 Bxf3 11.Rxf3 Nc7 12.Bc4 e6 13.Be3 exd5 14.exd5 Re8 15.Bf2 Nd7
16.Bb5 a6 17.Bf1 b5 18.axb5 axb5 19.Qd2 b4 20.Nd1 Nf6 21.Bh4 Ra8 22.Rb1 Ne4
23.Qe1 Qd7 24.Ne3 Nb5 25.Bxb5 Qxb5 26.Kh1 Ra2 27.f5 Rxb2 28.Rxb2 Bxb2 29.Ng4 Bg7
30.Qc1 Qa6 31.f6 Bh8 32.Nh6+ Kf8 33.Nxf7 Kxf7 34.Qh6 Qa1+ 35.Kh2 Qe5+ 36.Bg3 Qh5
37.Qf4 Qg5 38.Qxg5 Nxg5 39.Rf1 Ne4  0-1

[Event "ch-Kiev"]
[Site "Kiev UKR"]
[Date "2004.01.24"]
[Round "7"]
[White "Solomaha,A"]
[Black "Taborov,B"]
[Result "1-0"]
[WhiteElo "2361"]
[BlackElo "2425"]

1.e4 g6 2.d4 d6 3.Nc3 Bg7 4.g3 Nc6 5.Be3 e5 6.dxe5 Nxe5 7.f4 Ng4 8.Bd4 N8f6
9.h3 c5 10.Bxc5 dxc5 11.Qxd8+ Kxd8 12.O-O-O+ Kc7 13.hxg4 Bxg4 14.Be2 Bxe2
15.Ngxe2 Rad8 16.e5 Rxd1+ 17.Rxd1 Ng4 18.Nb5+ Kb6 19.a4 a6 20.Rd6+ Ka5 21.Na3 b5
22.axb5 axb5 23.Nc3 f6 24.Ncxb5 fxe5 25.Nc7 c4 26.c3 Ka4 27.Ra6+ Kb3 28.Nb1  1-0

[Event "TCh-BEL 2003-4"]
[Site "Belgium BEL"]
[Date "2004.01.25"]
[Round "2"]
[White "Gommers,R"]
[Black "Cekro,E"]
[Result "1/2-1/2"]
[WhiteElo "2349"]
[BlackElo "2438"]

1.e4 d6 2.d4 g6 3.Nc3 Bg7 4.Be3 c6 5.Qd2 Nd7 6.Bd3 e5 7.Nf3 Qe7 8.h3 Ngf6
9.Bh6 O-O 10.O-O-O b5 11.g4 Bb7 12.Rhg1 Rfd8 13.Rde1 c5 14.Bxg7 Kxg7 15.g5 Nh5
16.dxe5 Nxe5 17.Be2 Nc4 18.Bxc4 bxc4 19.Nd5 Bxd5 20.exd5 Qd7 21.Rg4 Kg8 22.Nh2 Re8
23.Rxc4 Rxe1+ 24.Qxe1 Re8 25.Re4 Rxe4 26.Qxe4 Qxh3 27.Ng4 Kf8 28.Ne3 Qh2
29.Qg2 Qe5 30.Kb1 f5 31.a3 Qd4 32.c3 Qd3+ 33.Ka2 f4 34.Qg4 fxe3 35.Qc8+  1/2-1/2

[Event "1st WinTV Open"]
[Site "Chennai IND"]
[Date "2004.01.27"]
[Round "7"]
[White "Deshmukh,A"]
[Black "Koneru,H"]
[Result "0-1"]
[WhiteElo "2340"]
[BlackElo "2498"]

1.e4 g6 2.d4 Bg7 3.Nc3 d6 4.Be3 c6 5.a4 Nf6 6.f3 Qc7 7.Qd2 h5 8.Nge2 Nbd7
9.Nc1 b6 10.Nb3 a6 11.Be2 Bb7 12.O-O O-O 13.f4 b5 14.e5 Ng4 15.Bxg4 hxg4
16.Qf2 bxa4 17.Rxa4 Nb6 18.Rb4 Bc8 19.Qh4 Bf5 20.Rf2 Rfc8 21.h3 g3 22.Qxg3 a5
23.Rxb6 Qxb6 24.Nd2 Qxb2 25.Nce4 a4 26.Ng5 a3 27.Qh4 a2 28.g4 a1=Q+ 29.Kg2 Qxc2
30.gxf5 Qxf5 31.Qh7+ Kf8 32.Nde4 Ra2  0-1

[Event "1st WinTV Open"]
[Site "Chennai IND"]
[Date "2004.01.27"]
[Round "7"]
[White "Sengupta,D"]
[Black "Dzhumaev,M"]
[Result "0-1"]
[WhiteElo "2349"]
[BlackElo "2498"]

1.e4 g6 2.d4 Bg7 3.Nc3 d6 4.Be3 c6 5.Qd2 b5 6.Bd3 Nd7 7.Nf3 Bb7 8.a4 a6 9.O-O Qc7
10.Rfe1 b4 11.Ne2 c5 12.Ng3 c4 13.Bf1 a5 14.c3 b3 15.Qe2 Ba6 16.h4 Ngf6 17.h5 O-O
18.hxg6 hxg6 19.Ng5 e5 20.f4 exd4 21.Bxd4 Rfe8 22.Qf3 Bb7 23.Re3 Re7 24.Rae1 Rae8
25.Kh1 Qc8 26.Qe2 Nc5 27.Bxc5 Qxc5 28.Qxc4 Qb6 29.Qb5 Qa7 30.Qxb3 Ng4 31.Rf3 d5
32.Bb5 Rd8 33.Rff1 Bf6 34.e5 Bxg5 35.fxg5 Kg7 36.Nh5+ gxh5 37.Qc2 d4 38.Qf5 dxc3
39.Qf6+ Kg8 40.Qxe7 Bxg2+ 41.Kxg2 Qxe7 42.Bc4 Qxg5 43.Kh3 Rd4 44.e6 Nf2+  0-1

[Event "1st WinTV Open"]
[Site "Chennai IND"]
[Date "2004.01.27"]
[Round "8"]
[White "Abhay,T"]
[Black "Arindam,M"]
[Result "1-0"]
[WhiteElo "2208"]
[BlackElo "2308"]

1.e4 d6 2.d4 g6 3.Nc3 Bg7 4.Nf3 Nf6 5.h3 O-O 6.Be3 c6 7.a4 Qc7 8.a5 e5 9.dxe5 dxe5
10.Bc4 Nh5 11.Ne2 Nd7 12.Qc1 Qd6 13.b3 Nc5 14.Bxc5 Qxc5 15.Qa3 Qxa3 16.Rxa3 h6
17.O-O Kh7 18.Raa1 f5 19.Nc3 Nf4 20.Nd2 Bd7 21.Rad1 Rad8 22.Kh2 Bc8 23.g3 Ne6
24.Bxe6 Bxe6 25.Na4 Rd6 26.Nc5 Bc8 27.Nc4 Rxd1 28.Rxd1 fxe4 29.Nxe4 Be6 30.Rd6 Re8
31.a6 bxa6 32.Rxc6 Bf5 33.Ncd2 Re6 34.Rc7 g5 35.Rxa7 Rc6 36.c4 Kg6 37.g4 Be6
38.Rb7 Bc8 39.Rb8 h5 40.Kg3 hxg4 41.hxg4 a5 42.Rb5 a4 43.bxa4 Ba6 44.Rb8 Bc8
45.c5 Be6 46.Rb6 Bd5 47.a5 Bf8 48.a6 Be7 49.a7 Rxb6 50.cxb6 Bb4 51.f3 Kf7
52.Nb3 Ke7 53.Nbc5  1-0

[Event "1st WinTV Open"]
[Site "Chennai IND"]
[Date "2004.01.27"]
[Round "8"]
[White "Nitin,S"]
[Black "Sangma,R"]
[Result "0-1"]
[WhiteElo "2058"]
[BlackElo "2256"]

1.e4 g6 2.d4 Bg7 3.Nc3 d6 4.Be3 Nf6 5.f3 c6 6.Qd2 b5 7.g4 h5 8.g5 Nfd7 9.h4 Nb6
10.Bd3 O-O 11.f4 Nc4 12.Bxc4 bxc4 13.Nge2 d5 14.e5 Bg4 15.Ng3 e6 16.b3 cxb3
17.cxb3 Nd7 18.Na4 Qc7 19.O-O Rfc8 20.Rfc1 Bf8 21.Nh1 Ba3 22.Nb2 a5 23.Nf2 Bf5
24.Kh2 Qb7 25.Rg1 c5 26.dxc5 Nxc5 27.Bd4 a4 28.Bxc5 Bxc5 29.Rgc1 Bxf2 30.Qxf2 axb3
31.axb3 Rxa1  0-1

[Event "1st WinTV Open"]
[Site "Chennai IND"]
[Date "2004.01.28"]
[Round "9"]
[White "Girinath,P"]
[Black "Balasubramaniun,R"]
[Result "1-0"]
[WhiteElo "2368"]
[BlackElo "2408"]

1.e4 d6 2.d4 g6 3.Nc3 Bg7 4.g3 Nd7 5.Bg2 e5 6.Nge2 Ne7 7.O-O O-O 8.Be3 c6
9.a4 Qc7 10.f4 Nf6 11.h3 Be6 12.Qd3 exd4 13.Nxd4 d5 14.Rae1 a6 15.Nxe6 fxe6
16.Bc5 b6 17.Bf2 Rfd8 18.exd5 exd5 19.a5 bxa5 20.Na4 Re8 21.Nc5 Qb8 22.b3 Qc8
23.g4 Qb8 24.Bd4 Qb5 25.Ne6 Bh8 26.Nc7  1-0

[Event "1st WinTV Open"]
[Site "Chennai IND"]
[Date "2004.01.31"]
[Round "12"]
[White "Meera,S"]
[Black "Surendran,N"]
[Result "1/2-1/2"]
[WhiteElo "2173"]
[BlackElo "2035"]

1.e4 d6 2.d4 g6 3.Nc3 Bg7 4.Nf3 Nf6 5.Bc4 O-O 6.h3 c5 7.dxc5 Qa5 8.O-O Qxc5
9.Be2 Nc6 10.a3 Qb6 11.Be3 Qd8 12.Qd2 Be6 13.Ng5 Qd7 14.f4 h6 15.Nxe6 Qxe6
16.f5 Qe5 17.fxg6 fxg6 18.Bxh6 Nxe4 19.Nxe4 Qxe4 20.Bd3 Qd4+ 21.Be3 Qxb2
22.Bxg6 Qe5 23.Rad1 Rxf1+ 24.Rxf1 Qc3 25.Qxc3 Bxc3  1/2-1/2

[Event "1st WinTV Open"]
[Site "Chennai IND"]
[Date "2004.01.31"]
[Round "12"]
[White "Priya,P"]
[Black "Balasubramaniun,R"]
[Result "1/2-1/2"]
[WhiteElo "2113"]
[BlackElo "2408"]

1.e4 d6 2.d4 g6 3.Nc3 Bg7 4.Nf3 Nd7 5.Bc4 e6 6.O-O Ne7 7.Bg5 h6 8.Bh4 O-O
9.Re1 g5 10.Bg3 Ng6 11.e5 g4 12.Nd2 dxe5 13.Qxg4 Nf6 14.Qd1 exd4 15.Nb5 Ne8
16.Nf3 c5 17.c3 a6 18.Na3 b5 19.Bf1 Qd5 20.cxd4 cxd4 21.Bd3 f5 22.Qe2 Nf6
23.Bc2 Kh7 24.Rad1 Qxa2 25.Bb1 Qd5 26.Nxd4 Ne4 27.Nxf5 Qxd1 28.Rxd1 exf5
29.Bxe4 fxe4 30.Qxe4 Bf5 31.Qb4 Rac8 32.h3 Rfe8 33.h4 Re4 34.Qd6 Re6 35.Qb4 Re4
36.Qd6 b4 37.Nb1 Bxb2 38.Qxa6 Bg7 39.Qb5 Be6 40.h5 Nf4 41.Qb7 Ne2+ 42.Kh2 Nxg3
43.fxg3 Rec4 44.Re1 R8c7 45.Qf3 Bf7 46.Qf5+ Kg8 47.Rd1 R7c5 48.Rd8+ Bf8 49.Qf3 Rxh5+
50.Kg1 Rc7 51.Kf2  1/2-1/2

[Event "75th ch-GER"]
[Site "Hoeckendorf GER"]
[Date "2004.01.31"]
[Round "2"]
[White "Mainka,R"]
[Black "Dresen,U"]
[Result "1/2-1/2"]
[WhiteElo "2456"]
[BlackElo "2312"]

1.e4 g6 2.d4 Bg7 3.Nc3 d6 4.Bg5 c6 5.Qd2 Nd7 6.Nf3 b5 7.Bd3 Qc7 8.O-O a6
9.Rfe1 e5 10.dxe5 dxe5 11.a4 Rb8 12.axb5 axb5 13.Ne2 Ngf6 14.Bh6 O-O 15.Ng3 Nc5
16.Bxg7 Kxg7 17.Qc3 Nfd7 18.b4 Na4 19.Qd2 Nab6 20.Ra5 f6 21.Nf1 Rd8 22.Qc3 Rb7
23.Ne3 Nf8 24.Nd2 Ne6 25.Nb3 Na4 26.Qa1 Nd4  1/2-1/2

[Event "9th HIT Open"]
[Site "Nova Gorica SLO"]
[Date "2004.02.02"]
[Round "5"]
[White "Barle,J"]
[Black "Skoberne,J"]
[Result "1-0"]
[WhiteElo "2394"]
[BlackElo "2231"]

1.e4 g6 2.d4 d6 3.Nc3 Bg7 4.Nge2 Nf6 5.g3 O-O 6.Bg2 c6 7.O-O e5 8.h3 Re8
9.Bg5 Qa5 10.Qd2 Nbd7 11.Rad1 b5 12.a3 exd4 13.Nxd4 Ne5 14.Bxf6 Bxf6 15.Nd5 Qd8
16.Nxf6+ Qxf6 17.b3 Bb7 18.Qh6 Nd7 19.f4 Rad8 20.Kh2 a6 21.Nf3 Nf8 22.f5 c5
23.Ng5 Rd7 24.Qh4 Re5 25.Rf4 gxf5 26.Rxf5 Rxf5 27.exf5 Bxg2 28.Kxg2 Qxf5
29.Ne4 Kg7 30.Rf1 Qe6 31.Nf6 Rc7 32.Rf2 Ng6 33.Qxh7+ Kf8 34.Qg8+  1-0

[Event "Gibraltar Masters"]
[Site "Catalan Bay ENG"]
[Date "2004.02.03"]
[Round "8"]
[White "White,I"]
[Black "Gonzalez Amaya,M"]
[Result "0-1"]
[WhiteElo "2018"]
[BlackElo "1920"]

1.e4 g6 2.d4 Bg7 3.Nc3 d6 4.Nf3 Nf6 5.h3 O-O 6.Be3 Nbd7 7.e5 Ne8 8.Bc4 Nb6
9.Bb3 d5 10.O-O c6 11.Qc1 Kh8 12.Bh6 Qd7 13.Ne2 Nc7 14.c3 a5 15.Bc2 a4 16.Ng3 Nc4
17.b3 axb3 18.Bxg7+ Kxg7 19.axb3 Rxa1 20.Qxa1 Nb6 21.Qa5 Nba8 22.Ne2 b6 23.Qa1 Ba6
24.Re1 Bxe2 25.Rxe2 Ne6 26.g3 Nac7 27.Kg2 Ra8 28.Qe1 Nb5 29.Bd3 Ra5 30.Qd2 Nbc7
31.h4 h5 32.Ng5 Nxg5 33.Qxg5 Ne6 34.Qc1 c5 35.Qb2 cxd4 36.cxd4 Ra8 37.f4 Nxf4+
38.gxf4 Qg4+ 39.Kf2 Qxh4+ 40.Ke3 Qg3+ 41.Kd2 Qxf4+ 42.Kd1 Qf1+ 43.Kd2 Qf4+
44.Kd1 h4 45.Rf2 Ra1+ 46.Qxa1 Qxf2 47.Qa4 h3 48.Qd7  0-1

[Event "Gibraltar Masters"]
[Site "Catalan Bay ENG"]
[Date "2004.02.05"]
[Round "10"]
[White "Beshukov,S"]
[Black "McNab,C"]
[Result "0-1"]
[WhiteElo "2499"]
[BlackElo "2388"]

1.e4 g6 2.d4 d6 3.Nc3 Bg7 4.Be3 Nf6 5.Qd2 c6 6.Nf3 Nbd7 7.h3 Qc7 8.Bh6 Bxh6
9.Qxh6 b5 10.Bd3 b4 11.Nd1 c5 12.O-O c4 13.e5 dxe5 14.dxe5 cxd3 15.exf6 Nxf6
16.cxd3 Bb7 17.Ng5 Qe5 18.Ne3 Nh5 19.Rfe1 Qf4 20.Ng4 Rc8 21.a3 Qd4 22.Re3 Qd5
23.f3 Qd4 24.Nxh7 Kd8 25.Re1 Ng3 26.Ne5 Nf5 27.Nxf7+ Kc7  0-1

[Event "TCh-SWE 2003-4"]
[Site "Malmo SWE"]
[Date "2004.02.07"]
[Round "7"]
[White "Lindberg,Bo"]
[Black "Burwick,M"]
[Result "1-0"]
[WhiteElo "2294"]
[BlackElo "2257"]

1.d4 g6 2.e4 Bg7 3.Nc3 d6 4.Bg5 a6 5.Qd2 b5 6.a4 b4 7.Nd5 a5 8.c3 c6 9.Ne3 bxc3
10.bxc3 Nf6 11.Bd3 Ba6 12.Ne2 Nbd7 13.O-O O-O 14.f4 Bxd3 15.Qxd3 d5 16.e5 Ne4
17.Ng4 f6 18.Bh4 f5 19.Ne3 Nb6 20.Rfb1 Ra7 21.Rb2 Re8 22.g4 fxg4 23.c4 g5
24.fxg5 e6 25.c5 Nd7 26.Nxg4 Nxg5 27.Kh1 Kh8 28.Rg1 Nf8 29.Qe3 h6 30.Nf4 Nfh7
31.Rbg2 Rf7 32.Nf2 Qb8 33.Bxg5 hxg5 34.Ng6+ Kg8 35.Nh3 Qb4 36.Nxg5 Nxg5 37.Rxg5 Qxa4
38.R5g2 Qc4 39.Nf4 Ree7 40.Nh5 Qa4 41.Qh6  1-0

[Event "TCh-CZE Extraliga 2003-4"]
[Site "Czech Rep CZE"]
[Date "2004.02.08"]
[Round "7"]
[White "Movsesjanova,P"]
[Black "Michalek,J"]
[Result "1-0"]
[WhiteElo "2270"]
[BlackElo "2396"]

1.e4 g6 2.d4 Bg7 3.Nc3 d6 4.Be3 a6 5.Nf3 b5 6.Bd3 Bb7 7.a4 b4 8.Ne2 Nf6 9.Ng3 Nbd7
10.c3 h5 11.h4 bxc3 12.bxc3 c5 13.a5 Qc7 14.O-O O-O 15.Bg5 Nh7 16.Bxe7 Rfe8
17.Bg5 Nxg5 18.hxg5 h4 19.Nxh4 cxd4 20.cxd4 Bxd4 21.Rc1 Bc5 22.Nf3 Qxa5 23.Bc4 Ne5
24.Nxe5 Rxe5 25.Bxf7+ Kxf7 26.Qb3+ Bd5 27.exd5 Rf8 28.Ne4 Qb4 29.Nxc5 dxc5
30.Qd3 Qd4 31.Qxa6 Rxd5 32.Rce1 Rd6 33.Qe2 Kg8 34.Rd1 Qf4 35.g3  1-0

[Event "I Comunic IRT"]
[Site "Sao Paulo BRA"]
[Date "2004.02.08"]
[Round "7"]
[White "Aranha Filho,A"]
[Black "Maia,L"]
[Result "1/2-1/2"]
[WhiteElo "2275"]
[BlackElo "2273"]

1.e4 g6 2.d4 Bg7 3.Nc3 d6 4.f4 Nf6 5.Nf3 c5 6.Bb5+ Bd7 7.e5 Ng4 8.e6 fxe6
9.Ng5 Bxb5 10.Nxe6 Bxd4 11.Nxd8 Bf2+ 12.Kd2 Be3+ 13.Ke1 Bf2+ 14.Kd2 Be3+
15.Ke1  1/2-1/2

[Event "12th Fajr Open"]
[Site "Isfahan IRI"]
[Date "2004.02.09"]
[Round "4"]
[White "Mallahi,A"]
[Black "Shalamberidze,A"]
[Result "1-0"]
[WhiteElo "2378"]
[BlackElo "2453"]

1.e4 g6 2.d4 Bg7 3.Nc3 d6 4.Be3 c6 5.Qd2 b5 6.f3 Nd7 7.g4 Nb6 8.b3 a5 9.a4 b4
10.Nce2 Nf6 11.Ng3 O-O 12.Bh6 e5 13.O-O-O Bxh6 14.Qxh6 exd4 15.h4 Qe7 16.N1e2 c5
17.h5 Re8 18.Nf4 Qf8 19.Qg5 Qg7 20.h6 Qh8 21.Nf5 Bxf5 22.gxf5 Kf8 23.Bb5 Re5
24.Nd3 Re7 25.Rh4 Ng8 26.fxg6 fxg6 27.Rf4+ Rf7 28.e5 d5 29.Nxc5 Rxf4 30.Qxf4+ Ke7
31.Qg5+ Kf7 32.Qf4+ Ke7 33.Rxd4  1-0

[Event "IV Comunic Masters"]
[Site "Sao Paulo BRA"]
[Date "2004.02.10"]
[Round "9"]
[White "Vera,IJ"]
[Black "Madeira,W"]
[Result "0-1"]
[WhiteElo "2338"]
[BlackElo "2215"]

1.d4 g6 2.e4 Bg7 3.Nc3 d6 4.Nf3 Nf6 5.h3 O-O 6.Be3 b6 7.Bc4 Ba6 8.Bxa6 Nxa6
9.e5 Ne8 10.Qe2 Nb4 11.a3 Nc6 12.O-O-O Qd7 13.g4 dxe5 14.Nxe5 Nxe5 15.dxe5 Qe6
16.f4 f6 17.exf6 Nxf6 18.Bd4 Qxe2 19.Nxe2 Rad8 20.Be5 c5 21.Nc3 a6 22.Rxd8 Rxd8
23.Bc7 Rd4 24.Bxb6 Nd7 25.Bc7 Kf7 26.Rd1 Ke6 27.Rxd4 cxd4 28.Nd1 Kd5 29.Nf2 Nc5
30.Kd2 Ne4+ 31.Nxe4 Kxe4 32.Ke2 Bh6 33.g5 Bf8 34.Kd2 h5 35.b4 e6 36.c4 dxc3+
37.Kxc3 Kd5 38.Be5 Be7 39.h4 Bd8 40.Bd4 Bc7 41.Be5 Bb6 42.a4 Bf2 43.b5 axb5
44.axb5 Bxh4 45.Kd3 Bf2 46.Ke2 Bb6 47.Kf3 Kc4 48.Ke4 Kxb5 49.Bc3 Bf2 50.Ke5 Kc4
51.Kxe6 Kxc3 52.f5 h4  0-1

[Event "AS04 Centenary"]
[Site "Copenhagen DEN"]
[Date "2004.02.12"]
[Round "6"]
[White "Kaaber,J"]
[Black "Bogdanov,D"]
[Result "1/2-1/2"]
[WhiteElo "2049"]
[BlackElo "2140"]

1.e4 g6 2.d4 Bg7 3.Nc3 d6 4.Be3 c6 5.Nf3 b5 6.Bd3 a6 7.Qd2 Nd7 8.h4 h5 9.O-O-O Nb6
10.e5 d5 11.Ng5 Nc4 12.Qe2 e6 13.Nxf7 Kxf7 14.Qf3+ Ke8 15.Bxg6+ Kd7 16.b3 Nxe3
17.fxe3 Qf8 18.Qe2 Qa3+ 19.Kb1 Ne7 20.Bxh5 Kc7 21.g4 Bd7 22.Bf7 Raf8 23.Rdf1 c5
24.h5 Bh6 25.Rf3 Nc6 26.Qd3 cxd4 27.exd4 Na5 28.Nxd5+ exd5 29.Bxd5 Rxf3 30.Bxf3 Nc6
31.Re1 Nb4 32.Qc3+ Kd8 33.Qb2 Qxb2+ 34.Kxb2 Bc6 35.d5 Rf8 36.Be4 Bb7 37.a3 Bg7
38.axb4 Bxe5+ 39.Kb1 Bc3 40.Rd1 Rf4 41.Bf5 Bc8 42.Bxc8 Kxc8 43.Rg1 Bd4 44.Rh1 Rxg4
45.h6 Rg8 46.h7 Rh8 47.Rh3 Kd7 48.c3 Be5 49.Kc2 Rc8 50.Kd2 Bh8 51.c4 bxc4
52.bxc4 Rxc4 53.Rh6 Rxb4 54.Rxa6 Rd4+  1/2-1/2

[Event "AS04 Centenary"]
[Site "Copenhagen DEN"]
[Date "2004.02.12"]
[Round "6"]
[White "Bromann,T"]
[Black "Aabling Thomsen,J"]
[Result "1-0"]
[WhiteElo "2371"]
[BlackElo "2108"]

1.e4 g6 2.d4 Bg7 3.Nc3 d6 4.Be3 c6 5.Qd2 b5 6.h4 h5 7.Nh3 Nf6 8.f3 Bxh3 9.Rxh3 Nbd7
10.O-O-O a6 11.Qf2 Qc7 12.Kb1 Rc8 13.Re1 O-O 14.Bg5 b4 15.Nd1 c5 16.dxc5 Nxc5
17.Bxf6 Bxf6 18.Ne3 Bd4 19.Qd2 Bxb2 20.Kxb2 Qa5 21.Ka1 Na4 22.Nd5 Rc3 23.f4 Rfc8
24.Nxe7+ Kh7 25.Nxc8 Rxc8 26.Rb1 Nc3 27.Rxc3 Rxc3 28.Rb3 Qc5 29.Kb2 a5 30.Rxc3 bxc3+
31.Qxc3 Qf2 32.Qf3 Qxh4 33.g3 Qe7 34.a4 d5 35.exd5  1-0

[Event "TCh-FIN 2003-4"]
[Site "Finland FIN"]
[Date "2004.02.14"]
[Round "7"]
[White "Tolonen,M"]
[Black "Porrasmaa,T"]
[Result "1-0"]
[WhiteElo "2254"]
[BlackElo "2219"]

1.e4 g6 2.d4 Bg7 3.Nc3 d6 4.Be2 Nf6 5.h4 c5 6.Be3 cxd4 7.Qxd4 Nc6 8.Qd2 Qa5
9.f3 Be6 10.Nh3 Rc8 11.Nf4 Bd7 12.g4 O-O 13.g5 Nh5 14.Nxh5 gxh5 15.Nd5 Qd8
16.O-O-O a5 17.Bb6 Qe8 18.Kb1 Be6 19.Bb5 Bd7 20.Rhg1 Kh8 21.f4 Ne5 22.Bxd7 Nxd7
23.Bxa5 e6 24.Nc7 Rxc7 25.Bxc7 Nc5 26.e5 Qb5 27.Bxd6 Na4 28.c3 Rc8 29.Ka1 Nb6
30.Qc2 Ra8 31.Kb1 Nd5 32.Qb3 Qc6 33.Rd4 b5 34.f5 exf5 35.Qxd5  1-0

[Event "SFch-NED"]
[Site "Leeuwarden NED"]
[Date "2004.02.16"]
[Round "1.1"]
[White "L'Ami,E"]
[Black "Luberti,W"]
[Result "1-0"]
[WhiteElo "2476"]
[BlackElo "2205"]

1.e4 g6 2.d4 Bg7 3.Nc3 d6 4.Be3 a6 5.a4 Nf6 6.h3 O-O 7.g3 Nbd7 8.Bg2 e5 9.d5 Kh8
10.Nge2 Ng8 11.Qd2 f5 12.exf5 gxf5 13.f4 Qe8 14.O-O Qg6 15.Rf2 Ndf6 16.Raf1 h5
17.Kh2 Bd7 18.Ng1 h4 19.gxh4 Nh5 20.Nge2 Rae8 21.Bf3 exf4 22.Bd4 Ngf6 23.Bxh5 Nxh5
24.Rg1 Qh6 25.Bxg7+ Nxg7 26.Nxf4 Rf6 27.Rfg2 Re7 28.h5 Kg8 29.Rg6 Rxg6 30.Rxg6 Qh7
31.h6  1-0

[Event "5th Montenegro Open"]
[Site "Sozina SCG"]
[Date "2004.02.18"]
[Round "1"]
[White "Vuckovic,Bo"]
[Black "Pustina,A"]
[Result "1-0"]
[WhiteElo "2511"]
[BlackElo "2270"]

1.e4 d6 2.d4 g6 3.Nc3 Bg7 4.Bg5 c6 5.Qd2 Nd7 6.f4 Qc7 7.Nf3 b5 8.Bd3 a6 9.O-O Bb7
10.Kh1 c5 11.a4 b4 12.Nd5 Bxd5 13.exd5 Ngf6 14.Rae1 O-O 15.f5 c4 16.Be4 c3
17.bxc3 Qxc3 18.fxg6 hxg6 19.Qf2 Rac8 20.Bd3 Nxd5 21.Bxa6 Rc7 22.Bxe7 Nxe7
23.Rxe7 Bf6 24.Re2 Nb6 25.Bb5 Ra7 26.Ne5 dxe5 27.Qxf6 Qxd4 28.Qxe5 Qxe5 29.Rxe5 Nxa4
30.Ra1 Kg7 31.Re8 Ra5 32.Rxf8 Rxb5 33.Rc8 Nc5 34.h3 b3 35.c4  1-0

[Event "2nd Breizh Masters B"]
[Site "Guingamp FRA"]
[Date "2004.02.19"]
[Round "7"]
[White "Vandevoort,P"]
[Black "Alanic,X"]
[Result "0-1"]
[WhiteElo "2379"]
[BlackElo "2164"]

1.d4 d6 2.e4 g6 3.Nc3 Bg7 4.Be3 c6 5.Qd2 b5 6.Bd3 Nf6 7.h3 Nbd7 8.Nf3 Nb6
9.b3 Qc7 10.O-O O-O 11.Ne2 Bb7 12.Ng3 c5 13.dxc5 dxc5 14.Bf4 Qc8 15.c4 Rd8
16.Qe3 bxc4 17.bxc4 Nfd7 18.Rac1 Nf8 19.Be2 Ne6 20.Bh6 Nd4 21.Bxg7 Kxg7 22.Rfd1 Nxe2+
23.Qxe2 Rxd1+ 24.Rxd1 Qe6 25.Rc1 Ba6 26.Ng5 Qf6 27.h4 Qf4 28.Rc3 Qxh4 29.Qd2 h6
30.Nh3 e5 31.Qd6 Re8 32.Qxc5 Qf6 33.Qb4 Qc6 34.c5 Na4 35.Rc1 Rc8 36.f4 Qb5
37.Qd2 Rxc5 38.Rxc5 Qxc5+ 39.Kh2 exf4 40.Qxf4 Nc3 41.e5 Nd5 42.Qe4 Qc4 43.Qe1 Bc8
44.Qf2 a5 45.Ng1 Qh4+ 46.Nh3 Qe7 47.Qd4 Be6 48.Ne2 Qb4 49.Qd3 a4 50.a3 Qb3
51.Nhf4 Nxf4 52.Nxf4 Qxd3 53.Nxd3 g5 54.Nc5 Bb3 55.g4 Bd1 56.Kg3 Kf8 57.Ne4 Ke7
58.Nc5 Bb3 59.Kf3 Bd1+ 60.Ke4 Bxg4 61.Nxa4 h5 62.Nc3 h4 63.a4 h3 64.Kd4  0-1

[Event "Aeroflot Open"]
[Site "Moscow RUS"]
[Date "2004.02.21"]
[Round "5"]
[White "Meister,Y"]
[Black "Inarkiev,E"]
[Result "1-0"]
[WhiteElo "2488"]
[BlackElo "2606"]

1.e4 g6 2.d4 Bg7 3.Nc3 d6 4.Be3 a6 5.Qd2 Nd7 6.Nf3 b5 7.Bd3 Bb7 8.O-O c5
9.dxc5 Nxc5 10.b4 Nd7 11.a4 bxa4 12.Rxa4 Ngf6 13.Bh6 O-O 14.Bxg7 Kxg7 15.Ra5 Nb6
16.Re1 e5 17.Na4 Nxe4 18.Bxe4 Nc4 19.Bxb7 Nxd2 20.Bxa8 Qxa8 21.Nxd2 Rb8 22.Rb1 Rb5
23.c4 Rxa5 24.bxa5 Qc6 25.Nb6 Qc5 26.Ra1 f5 27.g3 g5 28.Nd5 Qd4 29.Ra2 h5
30.Nc7 Qc3 31.Nxa6 h4 32.Nc7 Qc1+ 33.Kg2 Kh6 34.gxh4 g4 35.a6 f4 36.Nf1 Qxc4
37.a7 Qxa2 38.a8=Q Qf7 39.Qd8 Qg6 40.Qh8+ Qh7 41.Qxh7+ Kxh7 42.Ne8  1-0